000 00588nam a2200217 a 4500
001 BRCA_4127
005 20190320204543.0
008 130410s1898----mx-a######---#000-0#spa-#
041 _aspa
044 _amx
050 4 _aF1215
_b.N67 1898
100 1 _aNoriega, Eduardo
_910661
245 1 0 _aGeografía de la República Mexicana
_cpor Eduardo Noriega.
260 _aMéxico
_bVda. de Ch. Bouret
_c1898
300 _a543 p.
_bil.
_c18 cm.
500 _aIncluye índice temático
500 _aC155
651 4 _aMéxico
_xDescripción y viajes
_9103
902 _aGFM
942 _2lcc
_cB
999 _c3843
_d3843